Mensch und Welt in der Tragodie Friedrich Hebbels.

Saved in:
Bibliographic Details
Main Author: Ziegler, Klaus
Format: Book
Language:German
Published: Darmstadt : Wissenschaftliche Buchgesellschaft, 1966.
Subjects:
LEADER 00778nam a22002051 4500
001 c000371990
003 CARM
005 00000000000000.0
008 851211s1966 gw 0 ger d
019 1 |a 4186879  |z 9412605  |5 LACONCORD2021 
035 |a (OCoLC)304226  |5 LACONCORD2021 
100 1 |a Ziegler, Klaus. 
245 1 0 |a Mensch und Welt in der Tragodie Friedrich Hebbels. 
260 |a Darmstadt :  |b Wissenschaftliche Buchgesellschaft,  |c 1966. 
500 |a Reprint of the 1938 ed. 
600 1 0 |a Hebbel, Friedrich,  |d 1813-1863. 
852 8 |b CARM  |h A1:AN07B0  |i B08480  |p 0409200  |f BK 
082 0 4 |a 832.7 
999 f f |i 9d7e4d93-c364-5f45-9e6e-430eece134d4  |s 2360e561-4552-531c-b6f0-61b64ea1bd22 
952 f f |p Can circulate  |a CAVAL  |b CAVAL  |c CAVAL  |d CARM 1 Store  |e B08480  |f A1:AN07B0  |h Other scheme  |i book  |m 0409200